000
00218 a2200097 4500
001
3865
100
_a
Marburger, W.G
245
_a
Laboratory introduction to physics
260
_a
_b
Mcgrawhill
_c
090
_c
3096
_d
3096
942
_a
NUST-CAE
_c
M
_c
23291
999
_c
238938
_d
238938